Eritrea Trivia Quiz - Statistieken

Algemene statistieken
  • Deze quiz is 308 keer genomen
  • De gemiddelde score is 10 van 18
Antwoordstatistieken
Hint Antwoord % Correct
Aziatisch land op slechts 38 km afstand Jemen
89%
Zee die aan Eritrea grenst Rode zee
89%
Kleinste land dat aan Eritrea grenst Djibouti
88%
Grootste land dat aan Eritrea grenst Soedan
88%
Land waaruit Eritrea in 1993 onafhankelijk werd Ethiopië
87%
Het schiereiland waar Eritrea deel van uitmaakt {Hoorn} van Afrika
80%
Land dat Eritrea regeerde tussen 1882 en 1936 Italië
76%
Hoofdstad van Eritrea Asmara
67%
Bijnaam van die stad, gebaseerd op de architectuur uit de koloniale periode Klein {Rome}
55%
De meeste christenen in Eritrea behoren tot deze tak van het christendom Oriëntaals-Orthodox
53%
Eritrese gerechten worden vaak geserveerd op injera, wat een soort sponsachtig ____ is Brood
34%
Dier op het nationale embleem van Eritrea Kameel
34%
"Eritrea" is een oude naam voor die zee, in deze taal Grieks
29%
Meest gesproken taal Tigrinya
28%
Oud koninkrijk dat het grootste deel van Eritrea besloeg van 100 tot 940 na Christus Aksum
21%
Valuta van Eritrea Nakfa
20%
Eritrea is het enige Afrikaanse land waarvan het politieke systeem officieel een ______staat is Eenpartij
17%
Volkslied van Eritrea {Ertra}, {Ertra}, {Ertra}
16%
Geen overeenkomende quizzen gevonden
Scoreverdeling
Procent van Mensen met Elke Score
Percentiel versus Aantal Correcte Antwoorden
Uw Scoregeschiedenis
U heeft deze quiz nog niet genomen